000 01371cam a22003617a 4500
003 CHAP
005 20220329142634.0
008 010920d2001 mx r 00110 spa d
010 _a85980
011 _a86952
035 _a97492
040 _cCHAP
090 _aTesis
100 0 0 _aRivas Sifuentes, Manuel Gerardo
_997579
245 1 0 _aAnálisis económico marginal del riego por bombeo respecto del riego por gravedad en forrajes. Comarca Lagunera 1978-2000
_c/por Manuel Gerardo Rivas Sifuentes
260 _aChapingo, Méx. :
_bEl autor,
_c2002.
300 _a87 h. ;
_bcuadros ; gráfs.
502 _aTesis (Ing. Agr. en Sistemas Pecuarios de Zonas Aridas) -- UACH. Unidad Regional Universitaria de Zonas Aridas
590 _aALEPH
_b10
_c20130110
_lUCH01
_h1447
590 _aBATCH-UPD
_b10
_c20130110
_lUCH01
_h0533
590 _aBATCH-UPD
_b10
_c20130410
_lUCH01
_h0213
590 _aBATCH-UPD
_b10
_c20130914
_lUCH01
_h0655
590 _aCONVERSION
_b10
_c20130109
_lUCH01
_h1348
650 1 4 _aBombeo.
_913625
650 1 4 _aForrajes
_xComarca Lagunera.
_942562
650 1 4 _aIrrigación
_xComarca Lagunera.
_960389
650 1 4 _aRiego de superficie.
_997372
901 _aBK
905 _aAlejandra Carrasco M.
942 _cFOLL
949 _aTesis
_bBC
_cTES
_d33724000867073
_eTS2
_fc.2
_h39616
_i97492
_sb
949 _aTesis
_bBC
_cTES
_d974921
_eTS1
_h39615
_i97492
_sb
999 _c85980
_d85980